Cop Show Match Quiz Stats

 Plays Quiz Updated Jul 8, 2013

Challenge
Share
Tweet
Score 0/50 Timer 05:00
0 Plays Today
% Correct
Hawaii
97.8%
Law &
97.8%
CSI:
96.5%
Charlie's
96.2%
Starsky and
96.1%
Murder,
95.8%
Magnum,
95.2%
Miami
95.1%
21
94.8%
Without a
94.4%
Criminal
94.3%
Walker,
92.6%
In Plain
92.4%
Cold
92.1%
NYPD
91.7%
Prison
89.9%
Hart to
89.2%
Twin
88.4%
Diagnosis:
87.7%
Lie to
87.2%
The Streets of
87.1%
Burn
85.9%
Veronica
85.8%
The Rockford
84.9%
Cagney &
84.5%
% Correct
T.J.
83.5%
Perry
81.5%
Remington
81.4%
The Mod
79%
Covert
78.4%
Nash
77.2%
Simon &
77.1%
Highway
76.2%
Fallen
76%
Jake and the
75.9%
Saving
75.2%
Quincy,
74.7%
The Dead
71.7%
Hot
70.5%
Close to
69.9%
Barnaby
68.4%
Barney
66.2%
Spenser:
65.9%
McMillan &
64.2%
Hardcastle and
62.9%
77
60.9%
Adam-
59.5%
Detroit
53.4%
The Blue
47%
Tenspeed and
46.3%

You're not logged in!

Compare scores with friends on all Sporcle quizzes.
OR
Log In

You Might Also Like...

Show Comments

Extras

Top Quizzes Today


Score Distribution

Your Account Isn't Verified!

In order to create a playlist on Sporcle, you need to verify the email address you used during registration. Go to your Sporcle Settings to finish the process.

Report this User

Report this user for behavior that violates our Community Guidelines.

Details: